| 000 | 00972nam a2200265 i 4500 | ||
|---|---|---|---|
| 003 | DO-SdBNP | ||
| 005 | 20230630105458.0 | ||
| 006 | a||||fr|||| 00| 0 | ||
| 007 | ta | ||
| 008 | 230628e2001 dr ||||| |||| 00| 0 spa d | ||
| 040 |
_aDO-SdBNP _bspa _cBNPHU _erda |
||
| 082 | 4 |
_222 _bR977d |
|
| 100 | 1 |
_936435 _aRutinel Domínguez, José Ulises |
|
| 245 | 1 | 0 |
_aDiccionario de política y derecho constitucional de la República Dominicana. / _cJosé Ulises Rutinel Domínguez; presentación, Franklin J. Pichardo |
| 264 |
_aSanto Domingo :` _bUniversitaria- UASD, _c2001 |
||
| 300 |
_av. ; _c28 cm. |
||
| 336 |
_2rdaconten _atexto _btxt |
||
| 337 |
_2rdamedia _asin medición _bn |
||
| 338 |
_2rdacarrier _avolumen _bnc |
||
| 490 |
_aDerecho y Política ; _v14 |
||
| 590 | _aInventariado 2023 / MF | ||
| 700 | 2 |
_a Pichardo, Franklin J., _epresentación _983631 |
|
| 830 |
_aPublicaciones de la Universidad de Autónoma de Santo Domingo ; _lspa _n971 _983632 |
||
| 942 |
_2ddc _cLBS1 |
||
| 999 |
_c53998 _d53998 |
||